| 000 -LEADER |
| fixed length control field |
00661pam a2200193 a 4500 |
| 020 ## - INTERNATIONAL STANDARD BOOK NUMBER |
| ISBN |
9676530468 (pbk.) : |
| 040 ## - CATALOGING SOURCE |
| Transcribing agency |
DLC |
| 082 00 - DEWEY DECIMAL CLASSIFICATION NUMBER |
| Classification number |
634 YAA 1995 C283 Or. |
| 100 0# - MAIN ENTRY--AUTHOR NAME |
| Personal name |
Othman Yaacob. |
| 245 14 - TITLE STATEMENT |
| Title |
The production of economic fruits in South-East Asia / |
| 260 ## - PUBLICATION, DISTRIBUTION, ETC. (IMPRINT) |
| Place of publication |
Kuala Lumpur ; |
| -- |
New York : |
| Name of publisher |
Oxford University Press, |
| Year of publication |
1995. |
| 300 ## - PHYSICAL DESCRIPTION |
| Number of Pages |
xxix, 419 p. : |
| Other physical details |
ill., maps ; |
| Dimensions |
25 cm. |
| 650 #0 - SUBJECT ADDED ENTRY--TOPICAL TERM |
| Topical Term |
Fruit-culture |
| 650 #0 - SUBJECT ADDED ENTRY--TOPICAL TERM |
| Topical Term |
Tropical fruit |
| 700 1# - ADDED ENTRY--PERSONAL NAME |
| Personal name |
Subhadrabandhu, Suranant. |
| 856 42 - ELECTRONIC LOCATION AND ACCESS |
| Uniform Resource Identifier |
http://www.loc.gov/catdir/enhancements/fy0640/94013203-d.html |
| 856 41 - ELECTRONIC LOCATION AND ACCESS |
| Uniform Resource Identifier |
http://www.loc.gov/catdir/enhancements/fy0640/94013203-t.html |
| 942 ## - ADDED ENTRY ELEMENTS (KOHA) |
| Koha item type |
ADB |
| 952 ## - LOCATION AND ITEM INFORMATION (KOHA) |
| Withdrawn status [LOCAL, KOHA] |
0 |